| 000 | 00881nam a22002897a 4500 | ||
|---|---|---|---|
| 001 | BR7700164 | ||
| 003 | BR-BrBNA | ||
| 005 | 20230928085137.0 | ||
| 007 | ta | ||
| 008 | 230509b bl.||||| |||| 00| 0 por d | ||
| 040 |
_aBR-BrBNA _bpor _cBiblioteca Nacional de Agricultura |
||
| 041 | _a(Por) | ||
| 072 | _aE50 | ||
| 090 | _ E50 BR7700164 | ||
| 100 | 1 | _aJordao Filho, A. | |
| 110 | 1 |
_aUniversidade Federal de Vicosa, MG (Brasil) _0Tese (Magister Scientiae) |
|
| 245 | 1 | _aDeterminantes da renda familiar em areas de agricultura de subsistencia no estado de Sergipe [Brasil] | |
| 260 | 3 |
_aVicosa, MG (Brasil): _c1976. |
|
| 300 | _a99 p. | ||
| 500 | _a37 tables; 28 ref.; Summary (Por) | ||
| 650 | _aSociologia rural | ||
| 650 | _aRenda familiar | ||
| 650 | _aAgricultura de subsistencia | ||
| 650 | _aSergipe | ||
| 909 |
_a202309 _bLucia _c55 _dLucia Elande |
||
| 942 | _cBK | ||
| 999 |
_c23000 _d23000 |
||